LDR 01147naa#a2200181#i#450# 001 RU\\bibl\120575 005 20260430081553.4 011 ## _a2587-6740 100 ## _a20260415b2026####ek#y0rusy0150####ca 102 ## _aRU 200 1# _aОсновные направления землеустройства в свете реализации национальных целей развития Российской Федерации _eЖурнальная статья 210 1# _aМосква _cЭлектронная наука _d2026 215 ## _a3 с. 608 ## _aЖурнальная статья _2local 675 ## _aСельскохозяйственные предприятия, земельные владения и системы ведения хозяйства. 631.11 _aРегиональная экономика. Территориальная экономика. 332.1 _aЭкономическая политика. Управление и планирование в экономике. 338.2 _z 700 #1 _aВолков _gСергей Николаевич 700 #1 _aЧеркашина _gЕлена Вячеславовна 856 4# _aecience.ru _u